00982cas a22002657a 450000500170000000800410001701000100005801100100006802200140007803500100009224501870010226001020028930000070039131000100039836200180040859000410042659000410046759000410050859000420054965000520059186600260064390100070066990500230067699900170069920231010062643.0990419u1984 mx au p rnn 0 0b1spa d a77537 a785090 a0187-2540 a8848400aAnales de Investigación de la Facultad de Ciencias Agrícolas de la Universidad Autónoma de Chihuahuac/por Universidad Autónoma de Chihuahua. Facultad de Ciencias Agrícolas0 aChihuahua, Chih. :bUniversidad Autónoma de Chihuahua. Facultad de Ciencias Agrícolas,c1984- av. aAnual1 av.1 n.2, 1985 aBATCH-UPDb10c20130110lUCH01h0213 aBATCH-UPDb10c20130409lUCH01h2230 aBATCH-UPDb10c20130913lUCH01h2114 aCONVERSIONb10c20130109lUCH01h134317aAgriculturaxPublicaciones periódicas291772 av.1 n.1-2 (1984-1985) aSE aLilia Sánchez G. c77537d77537